[Event "Las Tunas"]
[Site "Las Tunas"]
[Date "1996.??.??"]
[Round "?"]
[White "Leyva Proenza, Ricardo"]
[Black "Moreno, Alejandro"]
[Result "1-0"]
[WhiteElo "2370"]
[BlackElo "2390"]
[Annotator "Moreno,A"]
[PlyCount "79"]
[EventDate "1996.??.??"]
[EventType "tourn"]
[EventRounds "9"]
[EventCountry "CUB"]
[SourceTitle "CBM 061"]
[Source "ChessBase"]
[SourceDate "1997.11.23"]
[SourceVersion "1"]
[SourceVersionDate "1997.11.23"]
[SourceQuality "1"]

1. e4 e5 2. Nf3 Nc6 3. Bb5 a6 4. Ba4 Nf6 5. O-O b5 6. Bb3 Bb7 7. Re1 h6 {
Esta es la jugada que sirve de tema a este trabajo. Se trata de unmovimiento
interesante y practicamente desconocido, que conduce a un juego seguro para el
segundo jugador.} (7... Bc5 8. c3 O-O 9. d4 Bb6 10. d5 Na5 11. Bc2 d6 12. Bg5
c6 13. dxc6 Bxc6 14. Nbd2 h6 15. Bh4 g5 16. Bg3 Rc8 17. Nf1 Nb7 18. h4 g4 19.
N3h2 h5 20. Qd2 Nc5 21. Qg5+ Kh7 22. Rad1 Ncxe4 23. Bxe4+ Nxe4 24. Qxh5+ Kg8
25. Qxg4+ Kh7 26. Qf5+ Kh6 27. Ng4+ Kg7 28. Bxe5+ {1-0 Aseev,K.-Volzhin,A./
Novgorod 1995}) 8. d4 (8. h3 g6 9. Nc3 Bg7 10. d4 d6 11. a4 exd4 12. axb5 axb5
13. Rxa8 Bxa8 14. Nxb5 O-O 15. Nfxd4 Nxd4 16. Nxd4 Nxe4 17. c3 c5 18. Nf3 d5
19. Bf4 f5 20. Be5 Re8 21. Bxg7 Kxg7 22. Nd2 d4 23. cxd4 cxd4 24. Nf3 d3 25.
Bc4 d2 26. Nxd2 Qg5 27. Nxe4 Bxe4 28. f3 Rd8 29. Qb3 Qd2 30. Qc3+ Qxc3 31. bxc3
Rc8 32. Ba6 Ra8 33. fxe4 Rxa6 34. exf5 gxf5 35. Kf2 Ra2+ 36. Kf3 Rc2 37. Re3
Kf6 38. Kf4 Rxg2 39. Rd3 Rf2+ 40. Ke3 Rc2 41. Kd4 Kg5 42. c4 f4 43. c5 Kf5 {
2.21-2.03 1/2-1/2 Hernandez,Tania-Moreno,A/XXXI Capablanca C (4) 1996}) 8... d6
9. c3 g6 10. a4 Bg7 11. axb5 (11. Na3 O-O 12. Rb1 exd4 13. cxd4 Na5 14. e5 dxe5
15. Nxe5 Nxb3 16. Qxb3 Bd5 17. Qc2 c6 18. Nxc6 Qb6 19. axb5 axb5 20. Ne7+ Kh7
21. Nxd5 Nxd5 22. Qc5 Bxd4 23. Qxb6 Bxb6 24. Nxb5 Rfb8 25. Nd6 Ba5 26. Re5 Nc3
27. Ra1 Rd8 28. bxc3 Rxd6 29. Re1 Bxc3 30. Rxa8 Bxe1 31. Kf1 Rd1 32. Be3 Bc3+
33. Ke2 Rd7 34. Rc8 Be5 35. h3 f5 36. Kf3 Rf7 37. Re8 Bg7 38. Re6 Rd7 39. Ke2
Bc3 40. Rc6 Bg7 {Jurkovic,A-Colin,V/18th op B, Cannes FRA (01) 1997/1/2-1/2 
(80)}) 11... axb5 12. Rxa8 Qxa8 13. Na3 b4 14. Nc4 (14. cxb4 O-O 15. d5 Nxb4
16. Qd2 Na6 17. Nb5 Rb8 18. Bc4 Nc5 19. Qc2 Ncxe4 $1 20. Rxe4 Nxe4 21. Qxe4 Qa1
22. Qc2 Ba6 23. Na3 e4 $1 24. Bxa6 Bxb2 $19 {Hdez Ronald-Ale Moreno,La Habana
1996}) 14... O-O 15. d5 (15. dxe5 Nxe5 16. Nfxe5 dxe5 17. Nxe5 Bxe4 18. f3 Bd5
19. c4 Bb7 20. Be3 Re8 21. Nd3 Nh5 22. Bc5 Rd8 23. Qe2 Qa5 $13 {Becerra
Rivero-Ale Moreno,La Habana 1996}) 15... Na5 16. cxb4 Nxb3 17. Qxb3 Rb8 $1 18.
Nfd2 {[#]} (18. Qa3 $2 Nxe4 $1 19. Rxe4 Bxd5 20. Rg4 (20. Qxa8 Rxa8 21. Ncd2
Bxe4 22. Nxe4 Ra1 $19) 20... Be6 $17) 18... Nxe4 $3 19. Rxe4 (19. Nxe4 $2 Bxd5
20. Qd3 Rxb4 $1 (20... Bxe4 21. Rxe4 d5 22. Re1 dxc4 23. Qxc4 $10) 21. Ncd2 f5
22. Nc3 Rd4 23. Qf1 Bxg2 $1 $17) 19... Bxd5 20. Rg4 (20. Re1 Bxg2 21. f3 Bh3
$44) 20... Be6 21. Rg3 d5 22. Na5 c5 23. Qc2 cxb4 $44 (23... c4 $2 24. Ra3) (
23... Bf8 $6 24. Rxg6+ fxg6 25. Qxg6+ Kh8 26. Qxe6 Rxb4 (26... Bg7 $2 27. Nc6
Rb6 28. b5 Rxb5 29. Ne7 $16) 27. Nf3 $1 (27. Nc6 $2 Rb6 28. Qxe5+ Bg7 29. Qxd5
Qxc6 $17) 27... Qxa5 28. Qxe5+ Bg7 29. Qe8+ Kh7 30. Ng5+ $1 hxg5 31. Qh5+ Kg8
32. Qe8+ Bf8 $10) 24. Ndb3 (24. Nc6 $2 Rb7 25. Nb3 Rc7 26. Nba5 Qxa5 $19) 24...
Rc8 25. Qd1 Qb8 (25... d4 $5 26. Bd2 e4 27. Bxb4 d3) 26. h4 h5 27. Bd2 d4 28.
Qe1 Rc2 29. Bxb4 Rxb2 30. Ba3 Ra2 31. Qc1 Qb5 $1 $17 32. Be7 Rxa5 $6 (32... d3
$1 33. Qc5 Qxc5 34. Bxc5 e4 35. Bb4 Bxb3 36. Nxb3 Rb2 37. Re3 f5 $19) 33. Nxa5
Qxa5 34. Ra3 Qd5 35. Qc7 Kh7 (35... Qd7) 36. Qb8 Qe4 $4 (36... d3 37. Ra8 f5
38. Bf6 Bxf6 39. Ra7+ Bg7 40. Qc7 Bf7 41. Qxf7 Qxf7 42. Rxf7 e4 43. Kf1 Kg8 44.
Rd7 Bh6 $10) 37. Ra8 f5 38. Bf6 $1 Bxf6 (38... Qe1+ 39. Kh2 Qxf2 40. Qh8+ $1
$18) 39. Ra7+ Bg7 40. Qf8 1-0

[Event "WchT 8th"]
[Site "Ningbo"]
[Date "2011.07.18"]
[Round "2.2"]
[White "Movsesian, Sergei"]
[Black "Onischuk, Alexander"]
[Result "1-0"]
[WhiteElo "2700"]
[BlackElo "2675"]
[Annotator "Movsesian,S"]
[PlyCount "81"]
[EventDate "2011.07.17"]
[EventType "team-tourn"]
[EventRounds "9"]
[EventCountry "CHN"]
[SourceTitle "CBM 144"]
[Source "ChessBase"]
[SourceDate "2011.09.16"]
[SourceVersion "1"]
[SourceVersionDate "2011.09.16"]
[SourceQuality "1"]
[WhiteTeam "Armenia"]
[BlackTeam "US of America"]
[WhiteTeamCountry "ARM"]
[BlackTeamCountry "USA"]

1. e4 e5 2. Nf3 Nc6 3. Bb5 a6 4. Ba4 Nf6 5. O-O Bc5 6. c3 b5 7. Bb3 d6 8. d4
Bb6 9. Be3 $5 Bg4 ({In his latest game, which was played after this one,
Onischuk opted for a different move order:} 9... O-O 10. Nbd2 h6 $5 {however,
White managed to get a very pleasant position after} 11. h3 Bd7 12. Re1 Re8 13.
Bc2 Rb8 14. a3 Qe7 15. b4 $14 {Navara-Onischuk, WCup (2.2) 2011}) 10. Nbd2 O-O
11. h3 Bh5 12. dxe5 $5 {While preparing, I decided to try this idea. The
resulting position is very similar to a Giuoco Piano, which I am always ready
to play :)} ({Another option here is} 12. Bg5 {but I was not in the mood to
play the position after} exd4 $1 13. Bd5 dxc3 14. Bxc6 cxd2 15. Bxa8 Qxa8 16.
Bxf6 gxf6 17. Qxd2 Qxe4 18. Rfe1 Qf5 19. Nh4 Qg5 20. Qxg5+ fxg5 21. Nf5 Bg6 {
Karjakin-Shirov, Wijk 2011}) 12... dxe5 13. Qe2 Qe7 (13... Re8 $6 14. Rfd1 Bxe3
15. Qxe3 $14 {Baramidze-Lenic, Mitropa Cup 2008}) 14. Rfd1 Na5 15. Nf1 Nxb3 16.
axb3 Qe6 17. b4 Bxe3 18. Qxe3 Rfd8 $2 {Strangely enough, this move is a
serious mistake, which allows White to re-group his pieces.} ({After} 18...
Bxf3 19. Qxf3 Rfd8 20. Ne3 $14 {Black would not be far from equality.}) 19.
Rxd8+ Rxd8 20. Ne1 $1 {A very important move, the white knight is heading to
c5, while the h5-bishop finds itself in a long-term offside position...} Qc6 (
20... Qb3 21. Rxa6 Qxb2 22. Qd3 $1) 21. f3 Rd6 22. Nd3 Nd7 23. Nc5 Nxc5 24.
Qxc5 {The endgame is very unpleasant for Black, as White can simply slowly
improve his position.} f6 25. Ne3 Bf7 26. Nf5 Qxc5+ 27. bxc5 Re6 28. Ne3 Kf8
29. b4 Rc6 30. g4 h5 31. Kf2 h4 32. Nd5 g5 33. Ke3 Ke8 34. Rd1 {Not allowing
the black king to get to the queenside.} Kf8 35. Kd3 Be6 36. c4 $1 {Now
Black's position will collapse.} bxc4+ 37. Kxc4 Kf7 38. Ra1 Bd7 39. b5 axb5+
40. Kb4 Be8 41. Ra7 1-0

[Event "ESP-chT"]
[Site "Sanxenxo"]
[Date "2004.11.22"]
[Round "5"]
[White "Lopez Martinez, Josep Manuel"]
[Black "Glavina, Pablo"]
[Result "0-1"]
[WhiteElo "2481"]
[BlackElo "2458"]
[Annotator "Mueller,Karsten"]
[PlyCount "197"]
[EventDate "2004.11.18"]
[EventType "team"]
[EventRounds "9"]
[EventCountry "ESP"]
[SourceTitle "CBM 105"]
[Source "ChessBase"]
[SourceDate "2005.04.11"]
[SourceVersion "1"]
[SourceVersionDate "2005.04.11"]
[SourceQuality "1"]

1. e4 e5 2. Nf3 Nc6 3. Bb5 a6 4. Ba4 Nf6 5. O-O Bc5 6. c3 b5 7. Bb3 d6 8. h3
Bb7 9. d4 Bb6 10. Re1 h6 11. Be3 exd4 12. cxd4 Na5 13. d5 Bxe3 14. Rxe3 O-O 15.
Qd2 c6 16. dxc6 Bxc6 17. Qd4 Re8 18. Nbd2 Bb7 19. Rae1 Nc6 20. Qd3 Ne5 21. Qb1
Qa5 22. Bc2 Nxf3+ 23. Nxf3 d5 24. e5 Ne4 25. Rd1 Rad8 26. Bb3 Qb6 27. Qd3 Qg6
28. Qd4 Qh5 29. Rde1 Rc8 30. Qd1 Rc5 31. Rd3 Ng5 32. Nd4 Qxd1 33. Rdxd1 g6 34.
Nc2 Kg7 35. Nb4 a5 36. Nd3 Rc7 37. Nf4 d4 38. Rxd4 a4 39. Bd1 Rc1 40. Nd3 Ra1
41. a3 Rb1 42. f3 Ne6 43. Rb4 Nc7 44. Bxa4 Rxe1+ 45. Nxe1 Rxe5 46. Nd3 Rd5 47.
Bc2 Ne6 48. Kf2 Nd4 49. Bb1 Bc6 50. Nf4 Rd6 51. Ke3 Ne6 52. Be4 Nxf4 53. Kxf4
Bd7 54. Ke3 f5 55. Bd3 Re6+ 56. Kd4 Rd6+ 57. Kc3 Rc6+ 58. Kd2 Rd6 59. Ke3 Re6+
60. Kf2 Re5 61. Rd4 Be8 62. Rd6 g5 63. f4 Rc5 64. Ke3 Rc1 65. Rb6 Rg1 66. Rb7+
Kf6 67. Rb6+ Kg7 68. Bxb5 Bxb5 69. Rxb5 Rxg2 70. a4 g4 71. hxg4 fxg4 72. f5 Rg1
73. Kf4 g3 74. Rb6 g2 75. Kf3 Ra1 76. Kxg2 Rxa4 77. Kg3 Rc4 78. b3 Rd4 79. Kf3
h5 80. Rg6+ Kf7 81. Rb6 h4 82. Ke3 Rg4 83. Kd3 Kg7 84. Rb7+ Kf6 85. Kc3 Rg7 86.
Rb8 Rh7 87. Rf8+ Ke5 88. f6 Ke6 89. b4 h3 90. Re8+ Kxf6 91. Re1 h2 92. Rh1 Rh4
93. Kd3 (93. b5 Ke5 94. Kd3 Kf4 95. Kd4 $11) 93... Kf5 94. Ke3 Kg4 95. Kf2 $2 {
Wie in Turmendspielen üblich funktioniert Passivität nicht.} ({Das aktive} 95.
Kd4 $1 {hätte den Tag gerettet:} Kg3+ 96. Kc5 Kg2 97. Rxh2+ Rxh2 98. b5 Kf3 99.
b6 Rb2 100. Kc6 Ke4 101. b7 Ke5 102. Kc7 $11) 95... Kh3 $1 96. Rb1 Rf4+ 97. Ke3
Rg4 (97... Rxb4 {gewinnt natürlich auch, aber warum soll man in ein Endspiel
Dame gegen Turm abwickeln?}) 98. Kf2 Rg2+ 99. Kf3 0-1

[Event "Moscow Tal Memorial 5th"]
[Site "Moscow"]
[Date "2010.11.08"]
[Round "4"]
[White "Karjakin, Sergey"]
[Black "Shirov, Alexei"]
[Result "1/2-1/2"]
[WhiteElo "2760"]
[BlackElo "2739"]
[Annotator "Mueller,Karsten"]
[PlyCount "126"]
[EventDate "2010.11.05"]
[EventType "tourn"]
[EventRounds "9"]
[EventCountry "RUS"]
[EventCategory "21"]
[SourceTitle "CBM 139"]
[Source "ChessBase"]
[SourceDate "2010.11.18"]
[SourceVersion "1"]
[SourceVersionDate "2010.11.18"]
[SourceQuality "1"]

1. e4 e5 2. Nf3 Nc6 3. Bb5 a6 4. Ba4 Nf6 5. O-O b5 6. Bb3 Bc5 7. c3 d6 8. d4
Bb6 9. Be3 O-O 10. Nbd2 Bg4 11. h3 Bh5 12. Bg5 exd4 13. Bd5 dxc3 14. Bxc6 cxd2
15. Bxa8 Qxa8 16. Bxf6 gxf6 17. Qxd2 Qxe4 18. Rfe1 Qf5 19. Nh4 Qg5 20. Qxg5+
fxg5 21. Nf5 Bg6 22. Ne7+ Kg7 23. Nd5 Rb8 24. Rad1 Kf8 25. g4 c5 26. h4 gxh4
27. f4 f5 28. g5 Bf7 29. Nf6 c4+ 30. Kg2 Rd8 31. Nxh7+ Kg7 32. Nf6 b4 33. Re7
c3 34. bxc3 bxc3 35. Nd7 Ba5 36. g6 Kxg6 37. Kh3 Rxd7 38. Rxd7 Bb4 {A duel for
domination or a race In the contest between rook and bishop, the question is
frequently whether the rook can dominate the bishop:   Dominanzduell oder
Wettrennen Im Wettstreit Turm gegen Läufer geht es oft um die Frage, ob es dem
Turm gelingt, den Läufer zu dominieren:} 39. Kxh4 $2 {This over-hasty. Das ist
zu überhastet.} ({Karjakin should create his own passed pawn with Karjakin
sollte mit} 39. R7xd6+ Bxd6 40. Rxd6+ Kh5 41. Rxa6 {Then Black can choose
between a lost race and a duel for dominance: selbst einen a-Freibauern bilden.
Dann kann Schwarz zwischen einem verlorenen Wettrennen und einen Dominanzduell
wählen:} Bc4 42. Rc6 Bxa2 (42... Bf1+ 43. Kh2 Kg4 44. a4 Kxf4 45. Rxc3 $18 {
and the bishop has no hope in the race. und der Läufer ist im Wettrennen
chancenlos.}) 43. Rxc3 {and the rook is dominating the black forces more or
less on its own. It is astonishing how helpless the bishop is, e.g.: und der
Turm dominiert die schwarzen Kräfte quasi im Alleingang. Es ist erstaunlich
wie hilflos der Läufer ist, z.B.} Be6 44. Rc7 Bd5 45. Rg7 $18) 39... Bxa2 40.
R1xd6+ Bxd6 41. Rxd6+ Kf7 42. Rc6 {Karjakin wins the c-pawn, but Shirov will
save the a-pawn. In the race which follows the bishop is often as strong as
the rook because it can support its own passed pawn and keep an eye on the
white one. Karjakin erobert den c-Bauern, aber der a-Bauer wird Shirov retten.
Bei den folgenden Wettrennen ist der Läufer dem Turm oft gewachsen, weil er
den eigenen Freibauern unterstützen und den weißen im Auge behalten kann.} ({
After Nach} 42. Rxa6 {Black's c-pawn secures him enough counterplay. sichert
der schwarze c-Freibauer ihm genügend Gegenspiel:} c2 43. Rc6 Bb3 44. Kg3 (44.
Kg5 Ba4 $11) 44... Ba4 ({After Nach} 44... Ke7 $2 45. Kf2 Ba4 46. Rc4 Ke6 47.
Ke3 Kd5 {Black will be in zugzwang: gerät Schwarz in Zugzwang:} 48. Rc3 $1 {
Domination! Dominanz!} Bb3 49. Kd2 Ba4 50. Re3 Kd4 51. Re5 $18) 45. Rc5 Kg6 46.
Kf3 Kh6 47. Ke3 Kg6 48. Kd2 Kh5 49. Rxf5+ Kg4 50. Rf8 Bd7 51. Kxc2 Bf5+ 52. Kd2
Kxf4 $11) 42... a5 43. Rxc3 ({A sample variation in Shirov style after Eine
Beispielvariante im Shirovschen Stil nach} 43. Kg5 {goes: lautet:} a4 44. Kxf5
(44. Rxc3 Bb1 $11) 44... Bb1+ 45. Ke5 c2 46. Rc7+ Kg6 47. f5+ Kg5 48. f6 a3 49.
f7 a2 50. f8=Q a1=Q+ $11) 43... a4 44. Rc6 Ke7 45. Kg3 (45. Kg5 Bb1 46. Rc1 Bd3
47. Ra1 Bc2 48. Ra2 Bb3 49. Re2+ Kd6 50. Kxf5 a3 $11) 45... Kd7 46. Ra6 Bb3 47.
Kf2 Kc7 48. Ke1 {Karjakin sets a last trap, but Shirov avoids it. Karjakin
stellt eine letzte Falle, die Shirov aber umgeht.} ({After Nach} 48. Ke3 Kb7
49. Ra5 Kb6 50. Rxf5 {the race is also a draw any way: geht das Rennen
allerdings auch unentschieden aus:} a3 51. Rf8 a2 52. Ra8 Kb5 $11) 48... Kb7
49. Rh6 Kc7 ({Of course not Natürlich nicht} 49... a3 $4 50. Rh3 $18) 50. Kd2
a3 51. Kc3 a2 52. Kb2 Kd7 53. Ra6 Bc4 54. Ra5 Be6 55. Ra7+ Kc6 56. Ra6+ Kd7 57.
Kc3 Kc7 58. Kd4 Kb7 59. Ra3 Kb6 60. Ke5 Bc4 61. Kxf5 Kc5 62. Kg6 Kb4 63. Rxa2
Bxa2 1/2-1/2

[Event "Tata Steel-B 76th"]
[Site "Wijk aan Zee"]
[Date "2014.01.14"]
[Round "4"]
[White "Duda, Jan Krzysztof"]
[Black "Muzychuk, Anna"]
[Result "0-1"]
[WhiteElo "2553"]
[BlackElo "2566"]
[Annotator "Muzychuk,A"]
[PlyCount "70"]
[EventDate "2014.01.11"]
[EventType "tourn"]
[EventRounds "13"]
[EventCountry "NED"]
[EventCategory "14"]
[SourceTitle "CBM 159"]
[Source "ChessBase"]
[SourceDate "2014.03.17"]
[SourceVersion "1"]
[SourceVersionDate "2014.03.17"]
[SourceQuality "1"]

1. e4 e5 2. Nf3 Nc6 3. Bb5 a6 4. Ba4 Nf6 5. d3 {Already a small surprise. In
this position Jan usually plays 5.0-0.} b5 6. Bb3 Bc5 {A surprise in return.
Before this game I'd never tried the systems with the bishop on c5.} 7. O-O d6
8. a4 b4 {A less popular move than 8...Bg4 or 8...Rb8.} 9. a5 h6 ({If to start
with} 9... O-O {then} 10. Bg5 {may be unpleasant.}) 10. Nbd2 ({Other plans for
White are the following:} 10. c3 {with the idea to occupy the centre is
probably not so effective:} bxc3 11. bxc3 O-O 12. d4 exd4 (12... Ba7 $5) 13.
cxd4 Ba7 $13 {White has got the central pawns but they are quite weak, under
attack; plus Black has the advantage in development.}) (10. Be3 $5 {is
interesting} Bxe3 (10... O-O 11. Bxc5 dxc5 12. Nbd2 $14) 11. fxe3 O-O 12. Nbd2
Be6 13. d4 (13. Nh4 Ne7 (13... Nxe4 {is quite dangerous} 14. Ng6 Re8 (14...
Nxd2 15. Nxf8 Bxb3 16. Qxd2 Bd5 17. e4 $14) (14... Bxb3 15. Nxf8) 15. Nxe4 Bxb3
(15... fxg6 16. Qg4) 16. cxb3 (16. Qh5 Be6 17. Nf6+ $1 (17. Nh4 Rf8 18. Rf3 (
18. Rf6 $2 d5 $19) (18. Nf6+ Kh8) 18... Ne7 (18... Kh7 19. Rg3 d5 20. Ng5+ Kg8
21. Qxh6 gxh6 22. Nxe6+ Kh7 23. Nxd8 Raxd8 24. Nf5 $16) 19. Rf6 (19. Raf1 f5) (
19. Nf6+ $5 Kh8 20. Raf1) 19... Ng6 20. Raf1 Qe7 $13) 17... gxf6 18. Qxh6 fxg6
19. Qxg6+ Kh8 20. Qh6+ (20. Rf3 Qd7 21. Qxf6+ Qg7 {'='} 22. Qh4+ Qh7 23. Qf6+
Qg7 $11) 20... Kg8 21. Rf3 (21. Rxf6 Re7 $8 22. Rg6+ Kf7 23. Qh5 Ke8 $8 24.
Rxe6+ Kd7 25. Rh6 Na7 $1 $13) 21... Qd7 22. Rxf6 Re7 23. Rg6+ Rg7 24. Rxg7+
Qxg7 25. Qxe6+ $13) 16... fxg6 17. Qg4 $36) 14. Rxf6 gxf6 15. Bxe6 fxe6 16.
Qg4+ Kf7 17. Qh5+ $11) 13... Bxb3 14. cxb3 {with an interesting, playable
position for both sides.}) 10... O-O 11. h3 Rb8 (11... Be6 $5 {to prevent Bc4.}
) 12. Bc4 Be6 $1 {This was my idea. If now White takes the pawns on a6 - then
he will lose his pawn on a5.} 13. Nb3 $6 (13. Bxa6 Ra8 14. Bc4 (14. Bb5 $6 Nxa5
15. c3 c6 16. Ba4 Qb6 $15) 14... Rxa5 15. Rxa5 Nxa5 16. Bxe6 fxe6 17. c3 bxc3
18. bxc3 Qd7 $11) 13... Qc8 $6 (13... Bxc4 $1 {during the game I considered
this move, but the estimation was wrong} 14. dxc4 Ba7 {now I thought that if
Black manages to play Nd7-Nc5 and later on prepares ...f5 he would get a nice
position. But I did not know what to do after} 15. Qd3 {For 15...Nd7 - 16.c5
is prepared. Also I thought White threatens Be3 and later on c5. But for the
moment it's Black to move and it is possible to get a nice position in many
ways. For example:} Qc8 {and if} 16. Be3 {Black plays} Bxe3 17. Qxe3 Qe6 {
with a preferable postion after} 18. Qd3 Nh5 $15) (13... Nxe4 $5 14. Bxe6 Bxf2+
{is another interesting option} 15. Rxf2 (15. Kh2 Bg3+ 16. Kg1 $11) 15... Nxf2
16. Bxf7+ Rxf7 17. Kxf2 e4 18. dxe4 Ne5 {with quite an unclear position.}) 14.
Bxe6 (14. Nxc5 {is obviously wrong because of} Bxc4 15. dxc4 dxc5 $15) 14...
Qxe6 15. Nxc5 dxc5 16. b3 Ne8 ({Trying to win the pawn on a5 is quite
dangerous as White gets a serious initiative:} 16... Rb5 17. Bb2 Nd7 18. Nd2 (
18. Nh4 $5) 18... Rxa5 19. Rxa5 Nxa5 20. Qa1 Nb7 21. f4 $44) 17. Nh4 Nd6 18. f4
$6 (18. Be3) 18... f5 19. Nxf5 (19. Qh5 $5 {maybe objectively not so good, but
it is very interesting in practical play:} Nd4 $1 {I feel this could be the
best choice if White played 19.Qh5 in the game.} ({The computer says 19...fxe4
is stronger and gives quite a big advantage for Black, but for the moment I am
not so sure about this:} 19... fxe4 20. f5 Qe8 21. Ng6 (21. Qg4 Rf6 (21... h5
22. Qg5 Rf6 23. Be3 $13) 22. dxe4 Nd4 $17) 21... Rf6 (21... exd3 22. cxd3 Rf6
23. g4 Qd7 24. Ra2 $13) 22. dxe4 (22. Bxh6 Nxf5 $1) 22... Nxe4 23. Bxh6 Ng3 24.
Qg4 Nxf1 25. Bg5 Rxg6 26. fxg6 Qxg6 27. Rxf1 Nd4 $15) 20. fxe5 (20. exf5 $2
N6xf5) (20. Ng6 Rf6 (20... fxe4 $5 21. Nxf8 Rxf8) 21. fxe5 Rxg6 22. exd6 cxd6
23. exf5 Ne2+ $17) (20. Bb2 Nxc2 (20... fxe4 $5)) 20... fxe4 $1 21. Rxf8+ Rxf8
22. exd6 cxd6 {with very good compensation for the sacrificed piece.}) 19...
Nxf5 20. exf5 Qxf5 $6 ({I did not like} 20... Rxf5 $1 {because of} 21. g4 {
and then f5. From a positional point of view this is not so good for Black,
but tactical ideas make the evaluation different:} Rf7 22. f5 Qd6 23. Kg2 (23.
Be3 e4) 23... Nd4 (23... e4 $5 24. dxe4 Qe5 25. Ra2 Qxe4+ 26. Qf3 Re8 27. Qxe4
Rxe4 28. c3 Rd7 $36) 24. Bb2 (24. Be3 Re7 {[%cal Ye5e4]}) 24... Re8 {with a
possible break of e4 looks quite dangerous for White.}) 21. Be3 exf4 22. Rxf4
Qd5 23. Rc4 $6 {With this move White shows that he is playing for a win.
Eventually it appeared to be a dangerous decision.} (23. Qg4 Rxf4 24. Qxf4 Re8
$11) 23... Nd4 $5 {An interesting pawn sacrifice which completely changes the
character of the game.} (23... Rb5 $6 24. Qg4 $14 Ne5 25. Qg3 $16) (23... Rbe8
$5 {is also strong, but it's difficult to find everything over the board:} 24.
Bxc5 (24. Rxc5 Qd6 25. Qd2 Nd4 26. Rc4 Nf3+ 27. gxf3 Rxe3 28. Qxe3 Qg3+ $11)
24... Rf5 {[%cal Yc6e5]} (24... Rf6 $5) 25. Bf2 Rxf2 $1 26. Kxf2 Qe5 27. Re4 (
27. Kg1 Nd4 $11 {[%cal Yd4e2,Ye2g3]}) 27... Qc5+ 28. Kg3 Qd6+ 29. Kf2 Qc5+ $11)
24. Bxd4 cxd4 25. Rxc7 Qd6 $6 {The wrong way of strengthening the attack.} (
25... Qe5 {was more correct and Black has enough compensation in all lines:}
26. Rc6 (26. Ra7 Qe3+ $1 (26... Rf2 $2 27. Qg4 Rxc2 28. Rxa6 $16) 27. Kh1 Rb5
$44) (26. Rd7 Rf2 $1 27. Qg4 Rxc2 28. Rf1 Ra2 $11) 26... Qe3+ 27. Kh1 Rb5 $44)
26. Rc4 (26. Ra7 $5 Rb5 $44 (26... Rf6 $5)) 26... Rbe8 27. Qd2 $2 {Maybe this
does not lose yet, but after Qd2 the queen and rooks are a bit "out of play".}
(27. Qg4 Rf4 28. Qh5 Re3 (28... Re5 $2 29. Rc6 $1) 29. Qc5 Qf6 30. Qb6 Re6 31.
Rc8+ Kh7 32. Qd8 Qf7 33. Qh8+ Kg6 34. Qg8 Qxg8 35. Rxg8 Re2 36. Rf1 Rxf1+ 37.
Kxf1 Rxc2 38. Rb8 Rc3 39. Rxb4 Rxd3 $11) 27... Re3 28. Rf1 $2 {The last
mistake.} (28. Qxb4 $2 {is obviously wrong in view of} Qg3 $19) ({But} 28. Re1
$1 {saves the situation. It was the only move. The idea is that Black has to
play ...Qe5 or ...Qg3 but then Rf1 is ok. The queen on those squares does not
allow the creation of final blows.} Qg3 (28... Qe5 29. Rf1 {and now after
Rxf1+ Kxf1 there is no ...Re8}) 29. Rf1 Rxf1+ 30. Kxf1 {and again there is no .
..Re8 because of Rxd4.}) 28... Rxf1+ 29. Kxf1 Re8 $1 {Now there is a serious
threat of ...Qh2 and White has no defence.} (29... Qh2 $2 {was a big mistake}
30. Rc8+ Kh7 31. Rf8 {and now it is a draw.}) 30. Qxb4 $2 (30. Rxb4 {was the
best practical choice:} Qh2 31. Rxd4 Rf8+ 32. Qf2 Rxf2+ 33. Kxf2 Qc7 34. Rc4
Qxa5 {I think this position is winning for Black but still White can try to
build a fortress.}) 30... Qf4+ $1 {Now it is a win by force.} (30... Qh2 $2 31.
Rxd4 Rf8+ 32. Qxf8+ Kxf8 33. b4 {and again White gets the drawing chances.})
31. Kg1 Re2 32. Rc8+ Kh7 33. Rf8 Qg3 34. Qb7 Re1+ 35. Rf1 Qe3+ 0-1